| 000 -LEADER |
| fixed length control field |
00566nam a2200181Ia 4500 |
| 008 - FIXED-LENGTH DATA ELEMENTS--GENERAL INFORMATION |
| fixed length control field |
200103s 1986 ||||xx |||||||||||||| ||und|| |
| 082 ## - DEWEY DECIMAL CLASSIFICATION NUMBER |
| Classification number |
623.88076 |
| Item number |
BHA |
| 110 ## - MAIN ENTRY--CORPORATE NAME |
| Corporate name or jurisdiction name as entry element |
Directorate General of Shipping, GOI |
| 245 #0 - TITLE STATEMENT |
| Title |
Examination Rules for deck officers |
| Remainder of title |
(Govt. of India Rules, based on STCW Convention of IMO, London) |
| 260 ## - PUBLICATION, DISTRIBUTION, ETC. (IMPRINT) |
| Name of publisher, distributor, etc |
Bhandarkar Pubhications |
| Date of publication, distribution, etc |
1986 |
| Place of publication, distribution, etc |
Bombay |
| 300 ## - PHYSICAL DESCRIPTION |
| Extent |
168 p. |
| 504 ## - BIBLIOGRAPHY, ETC. NOTE |
| Bibliography, etc |
Includes appendix |
| 650 ## - SUBJECT ADDED ENTRY--TOPICAL TERM |
| Topical term or geographic name as entry element |
Examination rules |
| 650 ## - SUBJECT ADDED ENTRY--TOPICAL TERM |
| Topical term or geographic name as entry element |
First mate |
| 650 ## - SUBJECT ADDED ENTRY--TOPICAL TERM |
| Topical term or geographic name as entry element |
Master F.G. |
| 650 ## - SUBJECT ADDED ENTRY--TOPICAL TERM |
| Topical term or geographic name as entry element |
Extra Master |
| 942 ## - ADDED ENTRY ELEMENTS (KOHA) |
| Item type |
Books |